[Event "Senior-DM 50+ 2024"]
[Site "Aarhus"]
[Date "2024.02.16"]
[Round "5.2"]
[White "Riis, Peter"]
[Black "Friis, Henrik"]
[Result "1/2-1/2"]
[WhiteElo "1987"]
[BlackElo "1775"]
[PlyCount "133"]
[EventDate "2024.02.12"]
[EventType "swiss"]
[EventRounds "7"]
[EventCountry "DEN"]
[SourceTitle "Live v. Thomas Vestergaard"]

1. e4 Nf6 2. Nc3 e5 3. Nf3 d6 4. d4 Nbd7 5. Bc4 Be7 6. O-O O-O 7. h3 c6 8. a4 b6 9. Qe2 a6 10. Rd1 Qc7 11. Bg5 Bb7 12. dxe5 dxe5 13. Nd2 b5 14. axb5 axb5 15. Bb3 Nc5 16. Qe3 Nh5 17. Bxe7 Qxe7 18. Ne2 Nf6 19. Ng3 g6 20. c3 Nfd7 21. Bc2 Ne6 22. b4 c5 23. Nb3 Rfc8 24. Qd2 Rxa1 25. Rxa1 Nb6 26. Ra7 Nc4 27. Qe1 Ra8 28. Qa1 Rb8 29. Na5 Qc7 30. Nxc4 bxc4 31. bxc5 Nxc5 32. Nf1 Qb6 33. Qa5 Bxe4 34. Qxb6 Rxb6 35. Ra2 Bxc2 36. Rxc2 Rb1 37. g3 Nd3 38. Re2 f5 39. f3 Kf7 40. Kg2 Rb2 41. Rxb2 Nxb2 42. Ne3 Ke6 43. Kf1 Kd6 44. Ke2 Kc5 45. Nf1 Na4 46. Kd2 Nb6 47. Kc2 Nd5 48. Nd2 Ne3+ 49. Kc1 Kd5 50. Kb2 e4 51. fxe4+ fxe4 52. Kc1 h5 53. Kb2 g5 54. Kc1 Ke5 55. Kb2 Kd5 56. Kc1 Nf5 57. Nf1 e3 58. Kd1 Ke4 59. g4 hxg4 60. hxg4 Nh4 61. Ke2 Ng2 62. Ng3+ Kf4 63. Nf5 Kxg4 64. Nd6 Nf4+ 65. Kxe3 Nd5+ 66. Kd4 Nxc3 67. Nf7 1/2-1/2

[Event "Senior-DM 50+ 2024"]
[Site "Aarhus"]
[Date "2024.02.16"]
[Round "5.3"]
[White "Horslund, Mikael"]
[Black "Andersen, Lars Rene"]
[Result "0-1"]
[WhiteElo "1720"]
[BlackElo "2069"]
[PlyCount "112"]
[EventDate "2024.02.12"]
[EventType "swiss"]
[EventRounds "7"]
[EventCountry "DEN"]
[SourceTitle "Live v. Thomas Vestergaard"]

1. d4 Nf6 2. g3 g6 3. Bg2 Bg7 4. Nf3 O-O 5. O-O d6 6. c4 Nc6 7. Nc3 a6 8. h3 Rb8 9. e4 e5 10. Be3 h6 11. d5 Ne7 12. b4 Nh5 13. Qd2 Kh7 14. g4 Nf4 15. Bxf4 exf4 16. Rac1 g5 17. Ne2 Ng6 18. c5 Re8 19. Qc2 Bd7 20. Rfd1 Be5 21. Ned4 Bxd4 22. Rxd4 Qf6 23. Rdd1 Kg8 24. a3 Rbc8 25. Qc3 Ne5 26. Nxe5 Rxe5 27. f3 Kg7 28. Bf1 Ra8 29. Rd2 h5 30. cxd6 cxd6 31. Qd4 hxg4 32. hxg4 Rh8 33. Rc7 Bb5 34. Bxb5 axb5 35. Rcc2 Rh3 36. Qc3 Qh6 37. Rg2 Rh1+ 38. Kf2 Qh4+ 39. Ke2 Kg6 40. Rc1 Qh3 41. Rf2 Rh2 42. Qe1 Rxe4+ 43. fxe4 Qe3+ 44. Kd1 Qxf2 45. Qxf2 Rxf2 46. Rc7 Kf6 47. Rxb7 Ra2 48. Rxb5 Rxa3 49. Ra5 Re3 50. Ra2 Rxe4 51. Rb2 Ke5 52. b5 Kxd5 53. b6 Re8 54. b7 Rb8 55. Rb5+ Ke4 56. Rxg5 Rxb7 0-1

[Event "Senior-DM 50+ 2024"]
[Site "Aarhus"]
[Date "2024.02.16"]
[Round "5.4"]
[White "Moller, Henrik Allan"]
[Black "Jensen, Morten Frank"]
[Result "1/2-1/2"]
[WhiteElo "1453"]
[BlackElo "2014"]
[PlyCount "63"]
[EventDate "2024.02.12"]
[EventType "swiss"]
[EventRounds "7"]
[EventCountry "DEN"]
[SourceTitle "Live v. Thomas Vestergaard"]

1. Nf3 d5 2. d4 Nf6 3. Bf4 e6 4. e3 Bd6 5. Bxd6 Qxd6 6. a3 a5 7. c4 b6 8. Nc3 c6 9. Rc1 O-O 10. cxd5 exd5 11. h3 Re8 12. Bd3 Ba6 13. O-O Nbd7 14. Re1 Bxd3 15. Qxd3 b5 16. Rc2 Nb6 17. Rec1 a4 18. Na2 Nc4 19. Nd2 Re6 20. Nb4 Ne4 21. Nxe4 dxe4 22. Qe2 Rg6 23. Rd1 Re8 24. Rdc1 Qe6 25. Kh2 Qf6 26. Rxc4 bxc4 27. Rxc4 Qg5 28. Qf1 Qb5 29. Qc1 Qg5 30. Qf1 Qb5 31. Qc1 Qg5 32. Qf1 1/2-1/2

[Event "Senior-DM 50+ 2024"]
[Site "Aarhus"]
[Date "2024.02.16"]
[Round "5.6"]
[White "Munksgaard, Bo"]
[Black "Grue, Vibeke"]
[Result "1-0"]
[WhiteElo "1563"]
[BlackElo "1135"]
[PlyCount "27"]
[EventDate "2024.02.12"]
[EventType "swiss"]
[EventRounds "7"]
[EventCountry "DEN"]
[SourceTitle "Live v. Thomas Vestergaard"]

1. c4 e6 2. g3 Nc6 3. Bg2 Bc5 4. Nc3 Nf6 5. e3 e5 6. Nge2 d6 7. d4 Bb4 8. d5 Na5 9. Qa4+ Nc6 10. dxc6 Bxc3+ 11. Nxc3 O-O 12. cxb7 Bd7 13. bxa8=Q Qe7 14. Q4xa7 1-0

[Event "Senior-DM 50+ 2024"]
[Site "Aarhus"]
[Date "2024.02.17"]
[Round "6.1"]
[White "Starup, Leo"]
[Black "Rewitz, Poul"]
[Result "0-1"]
[WhiteElo "1527"]
[BlackElo "2220"]
[PlyCount "50"]
[EventDate "2024.02.12"]
[EventType "swiss"]
[EventRounds "7"]
[EventCountry "DEN"]
[SourceTitle "Live v. Thomas Vestergaard"]

1. c4 g6 2. Nc3 Bg7 3. g3 f5 4. d3 Nf6 5. Bg2 O-O 6. Nf3 d6 7. O-O c6 8. Qc2 Na6 9. Bg5 Nc5 10. Rad1 a5 11. b3 Qc7 12. d4 Nce4 13. Bxf6 Nxf6 14. e3 Bd7 15. Rfe1 b5 16. cxb5 cxb5 17. Qc1 Rac8 18. Ne2 Ne4 19. Nf4 Qc2 20. Qxc2 Rxc2 21. Re2 Rfc8 22. Nd2 Nc3 23. Bd5+ e6 24. Bxe6+ Bxe6 25. Ree1 Bf7 0-1

[Event "Senior-DM 50+ 2024"]
[Site "Aarhus"]
[Date "2024.02.17"]
[Round "6.2"]
[White "Friis, Henrik"]
[Black "Andersen, Lars Rene"]
[Result "1/2-1/2"]
[WhiteElo "1775"]
[BlackElo "2069"]
[PlyCount "199"]
[EventDate "2024.02.12"]
[EventType "swiss"]
[EventRounds "7"]
[EventCountry "DEN"]
[SourceTitle "Live v. Thomas Vestergaard"]

1. e4 c5 2. Nf3 d6 3. g3 Nc6 4. Bg2 g6 5. c3 Bg7 6. O-O e5 7. d3 Nge7 8. a3 O-O 9. h3 a5 10. a4 h6 11. Na3 Be6 12. Kh1 Qd7 13. Ng1 d5 14. Qe2 Rad8 15. h4 Bg4 16. Bf3 Be6 17. Rd1 f5 18. Kg2 Rf7 19. Bd2 Rdf8 20. Be1 fxe4 21. dxe4 d4 22. Nc4 Kh7 23. Rd2 Ng8 24. Nb6 Qd8 25. Nd5 Nf6 26. Nxf6+ Rxf6 27. Bg4 Bg8 28. Qb5 h5 29. Bh3 Qe7 30. Rad1 Bh6 31. Rd3 c4 32. Rf3 Rxf3 33. Nxf3 Qf7 34. Nh2 d3 35. f3 Rd8 36. Bd2 Bxd2 37. Rxd2 Qe7 38. Nf1 Rf8 39. Rf2 Rd8 40. Nd2 Qc7 41. Qc5 Rd6 42. Qe3 Qe7 43. g4 Qxh4 44. gxh5 Qxh5 45. Bg4 Qh4 46. Rf1 Qd8 47. Rh1+ Kg7 48. Qh6+ Kf7 49. Qh8 Qf6 50. Qh6 Ke7 51. Qe3 Qf4 52. Kf2 Kf6 53. Rh8 Qxe3+ 54. Kxe3 Kg7 55. Rh2 Bf7 56. Bc8 Nd8 57. Rg2 Rb6 58. Nb1 Ne6 59. Bxe6 Rxe6 60. Na3 Re8 61. Nb5 Rd8 62. Kd2 Kf6 63. Rh2 Kg7 64. Na3 Rd6 65. Ke3 Rf6 66. Rg2 Rc6 67. Rg5 Kf6 68. Rg2 Rc8 69. Rh2 Kg7 70. Rh1 Be8 71. Rh2 Bxa4 72. Rg2 Be8 73. f4 exf4+ 74. Kxf4 b5 75. Ke3 b4 76. Nb1 Rd8 77. Rg5 Ra8 78. Rc5 Bf7 79. cxb4 axb4 80. Nd2 Ra2 81. Nxc4 d2 82. Nxd2 Rxb2 83. Rc7 Kf6 84. Rb7 g5 85. e5+ Ke6 86. Rb6+ Kxe5 87. Rb5+ Kf6 88. Ne4+ Ke7 89. Nxg5 Ba2 90. Ne4 Kd7 91. Kd4 Bb1 92. Rb6 Kc7 93. Rh6 Ba2 94. Rf6 Bb1 95. Rh6 Bc2 96. Rf6 Rb3 97. Nc5 Rb2 98. Na6+ Kd7 99. Nxb4 Rxb4+ 100. Kc3 1/2-1/2

[Event "Senior-DM 50+ 2024"]
[Site "Aarhus"]
[Date "2024.02.17"]
[Round "6.3"]
[White "Oehlerich, Per"]
[Black "Riis, Peter"]
[Result "0-1"]
[WhiteElo "1910"]
[BlackElo "1987"]
[PlyCount "72"]
[EventDate "2024.02.12"]
[EventType "swiss"]
[EventRounds "7"]
[EventCountry "DEN"]
[SourceTitle "Live v. Thomas Vestergaard"]

1. e4 e6 2. d3 d5 3. Nd2 Nf6 4. Ngf3 Be7 5. g3 O-O 6. Bg2 c5 7. c3 dxe4 8. dxe4 Nc6 9. O-O b6 10. Re1 Bb7 11. Qc2 b5 12. e5 Nd7 13. Ne4 Ndxe5 14. Nxe5 Nxe5 15. Nxc5 Nf3+ 16. Bxf3 Bxf3 17. Qd3 Bd5 18. Be3 Rb8 19. b4 Qc8 20. a4 a6 21. axb5 axb5 22. Na6 Ra8 23. Bc5 Bxc5 24. Nxc5 Qc6 25. Qf1 Bf3 26. Rxa8 Rxa8 27. Ra1 Rd8 28. Ra6 Qd5 29. Ra1 h6 30. Qxb5 Qd2 31. Qc4 Qc2 32. Re1 Rd2 33. Qf1 Bd5 34. Rc1 Qf5 35. f4 Qh5 36. h4 Qg4 0-1

[Event "Senior-DM 50+ 2024"]
[Site "Aarhus"]
[Date "2024.02.17"]
[Round "6.4"]
[White "Munksgaard, Bo"]
[Black "Horslund, Mikael"]
[Result "1/2-1/2"]
[WhiteElo "1563"]
[BlackElo "1720"]
[PlyCount "59"]
[EventDate "2024.02.12"]
[EventType "swiss"]
[EventRounds "7"]
[EventCountry "DEN"]
[SourceTitle "Live v. Thomas Vestergaard"]

1. c4 e5 2. g3 Nc6 3. Bg2 g6 4. Nc3 Bg7 5. d3 d6 6. e4 Nge7 7. Nge2 Bd7 8. Be3 f5 9. Qd2 h6 10. h4 Nd4 11. Bxd4 exd4 12. Nb5 Bxb5 13. cxb5 fxe4 14. dxe4 O-O 15. Nxd4 Bxd4 16. Qxd4 Qe8 17. a4 Qf7 18. O-O a6 19. bxa6 Rxa6 20. b4 Nc6 21. Qc3 Ra7 22. f4 Qg7 23. Qc4+ Kh8 24. Rfc1 Rf7 25. b5 Na5 26. Qd5 b6 27. e5 dxe5 28. fxe5 Rd7 29. Qe6 Re7 30. Qa2 1/2-1/2

[Event "Senior-DM 50+ 2024"]
[Site "Aarhus"]
[Date "2024.02.17"]
[Round "6.5"]
[White "Madsen, Gert Medom"]
[Black "Moller, Henrik Allan"]
[Result "1-0"]
[WhiteElo "1788"]
[BlackElo "1453"]
[PlyCount "47"]
[EventDate "2024.02.12"]
[EventType "swiss"]
[EventRounds "7"]
[EventCountry "DEN"]
[SourceTitle "Live v. Thomas Vestergaard"]

1. d4 Nf6 2. Bg5 e6 3. Nf3 Be7 4. e3 O-O 5. Bd3 d5 6. c3 c5 7. O-O Nbd7 8. Nbd2 h6 9. Bh4 Nh5 10. Bxe7 Qxe7 11. Ne5 Nhf6 12. f4 cxd4 13. exd4 b6 14. Qf3 Bb7 15. Rae1 Qd6 16. Qh3 Nc5 17. dxc5 Qxc5+ 18. Qe3 Qd6 19. Ndf3 Rad8 20. Rd1 g6 21. f5 Kg7 22. fxg6 fxg6 23. Nxg6 Ng4 24. Qd4+ 1-0

[Event "Senior-DM 50+ 2024"]
[Site "Aarhus"]
[Date "2024.02.17"]
[Round "6.6"]
[White "Grue, Vibeke"]
[Black "Jensen, Morten Frank"]
[Result "0-1"]
[WhiteElo "1135"]
[BlackElo "2014"]
[PlyCount "60"]
[EventDate "2024.02.12"]
[EventType "swiss"]
[EventRounds "7"]
[EventCountry "DEN"]
[SourceTitle "Live v. Thomas Vestergaard"]

1. e4 g6 2. Bc4 Bg7 3. Nf3 c5 4. O-O Nc6 5. Nc3 d6 6. h3 e6 7. Ng5 Qxg5 8. d3 Qd8 9. Re1 Nge7 10. Bf4 a6 11. a4 O-O 12. Bg5 h6 13. Bh4 g5 14. Bg3 d5 15. Qf3 dxc4 16. dxc4 Nd4 17. Qd3 e5 18. Rad1 Be6 19. Re3 Ng6 20. Nb1 Nf4 21. Qa3 Qb6 22. Qa2 Rad8 23. Bxf4 exf4 24. Red3 f3 25. a5 Qc7 26. b3 Ne2+ 27. Kf1 Rxd3 28. Rxd3 Nc1 29. Qa3 Qh2 30. gxf3 Qh1# 0-1

[Event "Senior-DM 50+ 2024"]
[Site "Aarhus"]
[Date "2024.02.18"]
[Round "7.1"]
[White "Rewitz, Poul"]
[Black "Munksgaard, Bo"]
[Result "1-0"]
[WhiteElo "2220"]
[BlackElo "1563"]
[PlyCount "35"]
[EventDate "2024.02.12"]
[EventType "swiss"]
[EventRounds "7"]
[EventCountry "DEN"]
[SourceTitle "Live v. Thomas Vestergaard"]

1. b3 d5 2. Bb2 c5 3. e3 a6 4. Nf3 Nc6 5. d4 cxd4 6. Nxd4 Nf6 7. Be2 e6 8. O-O Be7 9. c4 O-O 10. Nxc6 bxc6 11. cxd5 cxd5 12. Nc3 Bb7 13. Qd4 Qa5 14. Na4 Rac8 15. Qa7 Rb8 16. Be5 Nd7 17. Bxb8 Rxb8 18. Rac1 1-0

[Event "Senior-DM 50+ 2024"]
[Site "Aarhus"]
[Date "2024.02.18"]
[Round "7.2"]
[White "Riis, Peter"]
[Black "Moller, Henrik Allan"]
[Result "1-0"]
[WhiteElo "1987"]
[BlackElo "1453"]
[PlyCount "31"]
[EventDate "2024.02.12"]
[EventType "swiss"]
[EventRounds "7"]
[EventCountry "DEN"]
[SourceTitle "Live v. Thomas Vestergaard"]

1. e4 c6 2. d4 d5 3. Nc3 dxe4 4. Nxe4 Bf5 5. Ng3 Bg6 6. Nf3 h6 7. Bd3 Bxd3 8. Qxd3 Nf6 9. O-O e6 10. Re1 Bd6 11. Nf5 g6 12. Rxe6+ fxe6 13. Nxd6+ Ke7 14. Nxb7 Qd5 15. Ne5 c5 16. Nxg6+ 1-0

[Event "Senior-DM 50+ 2024"]
[Site "Aarhus"]
[Date "2024.02.18"]
[Round "7.3"]
[White "Jensen, Morten Frank"]
[Black "Friis, Henrik"]
[Result "1-0"]
[WhiteElo "2014"]
[BlackElo "1775"]
[PlyCount "93"]
[EventDate "2024.02.12"]
[EventType "swiss"]
[EventRounds "7"]
[EventCountry "DEN"]
[SourceTitle "Live v. Thomas Vestergaard"]

1. d4 Nf6 2. Nc3 g6 3. e4 d6 4. Nf3 Bg7 5. Bf4 Nh5 6. Be3 Nc6 7. Qd2 e5 8. d5 Nb8 9. Be2 a5 10. O-O-O O-O 11. Ne1 Nf6 12. f3 a4 13. g4 a3 14. b3 Na6 15. h4 h5 16. Bg5 Qe8 17. Nd3 Nc5 18. Nxc5 dxc5 19. Nb5 Qd7 20. c4 Ne8 21. gxh5 Nd6 22. Rdg1 Ra6 23. hxg6 f6 24. Be3 f5 25. Nxd6 Qxd6 26. h5 f4 27. Bf2 Bh6 28. Bh4 Qd7 29. Bf1 Kg7 30. Qg2 Rh8 31. Qf2 Qd6 32. Qg2 Bd7 33. Be1 Rb8 34. Bc3 b5 35. cxb5 Bxb5 36. Bxb5 Rxb5 37. Qf1 Rb8 38. Kc2 Rab6 39. Qc4 Ra8 40. Rg4 Rf8 41. Rb1 Rfb8 42. Rbg1 Rb4 43. Bxb4 Rxb4 44. Qc3 c4 45. Rb1 Kf6 46. g7 cxb3+ 47. Rxb3 1-0

[Event "Senior-DM 50+ 2024"]
[Site "Aarhus"]
[Date "2024.02.18"]
[Round "7.4"]
[White "Andersen, Lars Rene"]
[Black "Madsen, Gert Medom"]
[Result "1-0"]
[WhiteElo "2069"]
[BlackElo "1788"]
[PlyCount "77"]
[EventDate "2024.02.12"]
[EventType "swiss"]
[EventRounds "7"]
[EventCountry "DEN"]
[SourceTitle "Live v. Thomas Vestergaard"]

1. e4 c5 2. Nf3 d6 3. d4 cxd4 4. Nxd4 Nf6 5. Nc3 a6 6. Be3 e6 7. f3 Be7 8. Qd2 O-O 9. Bc4 Qc7 10. Bb3 Nc6 11. O-O-O b5 12. g4 Ne5 13. Kb1 Nc4 14. Bxc4 Qxc4 15. h4 Bb7 16. h5 Nd7 17. g5 Rfc8 18. Nce2 Ne5 19. b3 Qc7 20. Rhg1 Bf8 21. Ng3 Qc3 22. Qe2 d5 23. Bc1 Nc4 24. bxc4 bxc4 25. Bb2 Qa5 26. c3 e5 27. Nc2 d4 28. Qd2 Rab8 29. Ka1 Ba8 30. Ne2 d3 31. Ne3 dxe2 32. Qxe2 Ba3 33. Bxa3 Qxa3 34. Rc1 Rb3 35. Qc2 Rb5 36. g6 fxg6 37. hxg6 h6 38. Rcd1 Rb3 39. Nxc4 1-0

[Event "Senior-DM 50+ 2024"]
[Site "Aarhus"]
[Date "2024.02.18"]
[Round "7.5"]
[White "Horslund, Mikael"]
[Black "Starup, Leo"]
[Result "1-0"]
[WhiteElo "1720"]
[BlackElo "1527"]
[PlyCount "45"]
[EventDate "2024.02.12"]
[EventType "swiss"]
[EventRounds "7"]
[EventCountry "DEN"]
[SourceTitle "Live v. Thomas Vestergaard"]

1. d4 d5 2. e3 Nf6 3. Bd3 e6 4. Nd2 b6 5. f4 Bb7 6. Ngf3 Be7 7. O-O O-O 8. c3 c5 9. Ne5 Nbd7 10. Qf3 Ne4 11. Nxe4 dxe4 12. Bxe4 Nxe5 13. fxe5 Bxe4 14. Qxe4 Qc7 15. Bd2 c4 16. Rf3 Rab8 17. Raf1 Rb7 18. Rh3 h6 19. Qg4 Kh7 20. Rg3 g5 21. e4 Bd8 22. Qh5 Qc6 23. Rh3 1-0

[Event "Senior-DM 50+ 2024"]
[Site "Aarhus"]
[Date "2024.02.18"]
[Round "7.6"]
[White "Grue, Vibeke"]
[Black "Oehlerich, Per"]
[Result "0-1"]
[WhiteElo "1135"]
[BlackElo "1910"]
[PlyCount "32"]
[EventDate "2024.02.12"]
[EventType "swiss"]
[EventRounds "7"]
[EventCountry "DEN"]
[SourceTitle "Live v. Thomas Vestergaard"]

1. e4 c5 2. Nc3 Nc6 3. Bc4 e6 4. Nf3 a6 5. a4 g6 6. b3 Bg7 7. O-O Nge7 8. d3 Bxc3 9. Rb1 d5 10. exd5 exd5 11. d4 dxc4 12. Ng5 Qxd4 13. Qf3 Qf6 14. Bf4 Nd4 15. Qe4 Qxf4 16. g3 Qxg5 0-1